Mô hình hoá và phân tích kết cấu cầu với MIDAS/Civil
Nội dung tập 2 gồm 8 chương: Chương 7/ Mô hình hóa và phân tích cầu bê tông thi công trên đà giáo cố định. Chương 8/ Mô hình hóa và phân tích cầu bê tông dự ứng lực đúc hẩng. Chương 9/ Mô hình hóa và phân tích kết cấu cầu treo dây văng....
Gorde:
| Egile nagusia: | |
|---|---|
| Formatua: | Liburua |
| Hizkuntza: | Undetermined |
| Argitaratua: |
Hà Nội
Xây dựng
2012
|
| Gaiak: | |
| Etiketak: |
Etiketa erantsi
Etiketarik gabe, Izan zaitez lehena erregistro honi etiketa jartzen!
|
| Thư viện lưu trữ: | Trung tâm Học liệu Trường Đại học Cần Thơ |
|---|
| LEADER | 01478nam a2200217Ia 4500 | ||
|---|---|---|---|
| 001 | CTU_169166 | ||
| 008 | 210402s9999 xx 000 0 und d | ||
| 020 | |c 77000 | ||
| 082 | |a 624.250285 | ||
| 082 | |b Qu106/T.2 | ||
| 100 | |a Ngô, Đăng Quang | ||
| 245 | 0 | |a Mô hình hoá và phân tích kết cấu cầu với MIDAS/Civil | |
| 245 | 0 | |c Ngô Đăng Quang | |
| 260 | |a Hà Nội | ||
| 260 | |b Xây dựng | ||
| 260 | |c 2012 | ||
| 520 | |a Nội dung tập 2 gồm 8 chương: Chương 7/ Mô hình hóa và phân tích cầu bê tông thi công trên đà giáo cố định. Chương 8/ Mô hình hóa và phân tích cầu bê tông dự ứng lực đúc hẩng. Chương 9/ Mô hình hóa và phân tích kết cấu cầu treo dây văng. Chương 10/ Mô hình hóa và phân tích kết cấu cầu treo dây võng. Chương 11/ Mô hình hóa và phân tích kết cấu cầu extradosed. Chương 12/ Phân tích thuỷ nhiệt. Chương 13/ Phân tích kết cấu chịu tải trọng động đất. Chương 14/ Mô hình hóa và phân tích cục bộ. | ||
| 650 | |a Bridges,Structural analysis (Engineering),Cầu đường | ||
| 650 | |x Design and construction,Data processing,Thiết kế và thi công | ||
| 904 | |i Trọng Hiếu | ||
| 980 | |a Trung tâm Học liệu Trường Đại học Cần Thơ | ||